Fyzikální chemie povrchů a koloidních soustav
Gespeichert in:
| 1. Verfasser: | |
|---|---|
| Weitere Verfasser: | |
| Format: | Buch |
| Sprache: | Tschechisch |
| Veröffentlicht: |
Praha
Vysoká škola chemicko-technologická
2002
|
| Ausgabe: | 4. vyd. |
| Schlagworte: | |
| Online-Zugang: | Im OPAC anzeigen |
| Tags: |
Keine Tags, Fügen Sie das erste Tag hinzu!
|
MARC
| LEADER | 00000nam a2200000 a 4500 | ||
|---|---|---|---|
| 005 | 20260127134242.0 | ||
| 008 | 051018 2002 xr 000 0 cze d | ||
| 020 | |a 8070804750 | ||
| 035 | |a vtls008303555 | ||
| 039 | 9 | |y 200510181020 |z mschk03 | |
| 040 | |a STUSCHK1 |b slo |c STUSCHK1 |e AACR2 | ||
| 080 | |a 541.1:541.182(075.8) | ||
| 100 | 1 | |a Bartovská, Lidmila |9 483 | |
| 245 | 1 | |a Fyzikální chemie povrchů a koloidních soustav | |
| 250 | |a 4. vyd. | ||
| 260 | |a Praha |b Vysoká škola chemicko-technologická |c 2002 | ||
| 300 | |a 192 s. | ||
| 650 | 0 | |a koloidné sústavy |x fyzikálna chémia |y učebnica vysokoškolská | |
| 700 | 1 | |a Šišková, Marie | |
| 910 | |a SCHK95 | ||
| 919 | |a 80-7080-475-0 | ||
| 999 | |c 7899 |d 7899 | ||